Catálogo

Vista normal Vista MARC

Entrada Personal Name

Número de registros utilizados en: 1

001 - CONTROL NUMBER

  • control field: 15649

003 - CONTROL NUMBER IDENTIFIER

  • control field: DLC

005 - DATE AND TIME OF LATEST TRANSACTION

  • control field: 20240503105029.0

008 - FIXED-LENGTH DATA ELEMENTS

  • fixed length control field: 230616n| azannaabn |a aaa

010 ## - LIBRARY OF CONGRESS CONTROL NUMBER

  • LC control number: n 2023036825

040 ## - CATALOGING SOURCE

  • Original cataloging agency: DLC
  • Language of cataloging: spa
  • Description conventions: rda
  • Transcribing agency: Mx-PuUPA
  • Modifying agency: Mx-PuUPA

046 ## - SPECIAL CODED DATES

  • Birth date: 1982
  • Source of date scheme: edtf

100 1# - HEADING--PERSONAL NAME

  • Personal name: Muñoz Iturrieta, Pablo,
  • Dates associated with a name: 1982-

374 ## - OCCUPATION

  • Occupation: Autor

375 ## - GENDER

  • Gender: hombre

377 ## - ASSOCIATED LANGUAGE

  • Language code: spa

400 1# - SEE FROM TRACING--PERSONAL NAME

  • Personal name: Iturrieta, Pablo Muñoz,
  • Dates associated with a name: 1982-

670 ## - SOURCE DATA FOUND

  • Source citation: Apaga el celular y enciende tu cerebro, 2023:
  • Information found: ECIP title page (Pablo Muñoz Iturrieta) dataview (born 1982)